| 000 | 00586nam a22002177a 4500 | ||
|---|---|---|---|
| 003 | OSt | ||
| 005 | 20140310183031.0 | ||
| 008 | 130218t xxu||||| |||| 00| 0 eng d | ||
| 020 | _a9710870971 | ||
| 050 |
_aQ180 _b.C164 2010 |
||
| 082 |
_aFIL 519.5 _bC164 2010 |
||
| 245 |
_aResearch and statistics with computer _cPaler-Calmorin, Laurentina |
||
| 260 |
_aMandaluyong City _bNational Book Store _cc2010 |
||
| 300 |
_a610 p. _c23 cm. |
||
| 521 | _acollege students | ||
| 526 | _c1210L-1700L | ||
| 541 | _j1 | ||
| 541 | _j2 | ||
| 562 | _e2 | ||
| 942 |
_2lcc _cBK _kFIL |
||
| 999 |
_c18446 _d18446 |
||